000 00873nam a22002057a 4500
999 _c4413
_d4413
003 AR-CdUCM
008 190308b ||||| |||| 00| 0 spa d
040 _aMUNICIPALIDAD PROVINCIAL DEL CUSCO
_cBIBLIOTECA MUNICIPAL DEL CUSCO
082 _a974 /
_bM42
100 _aMenegus Bornemann, Margarita
_913908
245 _aEl Agrarismo de la Revolución Mexicana /
260 _aMadrid :
_bEdiciones de Cultura Hispánica ;
_c1990.
300 _a123 páginas ;
_c24 cm.
505 _aContenido : Zapata y el ejercito libertador del sur seleccion documental -- Venustiano Carranza y el Ejercito Constitutcionalista -- Villa y el Ejercito de la convencion -- Debates sobre el latifundio y el ejido -- El agrarismo desppues de 1920...
650 _aEl agrarismo
_913909
650 _aRevolucion Mexicana
_912302
650 _aMéxico
_918
942 _2ddc
_cLIBROS
945 _artm